|
|
|
|
| LEADER |
01094nam a2200229 i 4500 |
| 001 |
10114844 |
| 003 |
GR-PaULI |
| 005 |
20221207133130.0 |
| 008 |
150109s2007 gr 1 gre |
| 952 |
|
|
|0 0
|1 0
|2 ddc
|4 0
|6 489_301000000000000_9_ΣΑΡ
|7 0
|9 366288
|a LISP
|b LISP
|c BSC
|d 2022-12-06
|i 138146
|l 0
|o 489.301 9 ΣΑΡ
|p 025000258950
|r 2022-12-06 00:00:00
|t 1
|w 2022-12-06
|y BK15
|
| 999 |
|
|
|c 214011
|d 214011
|
| 020 |
|
|
|a 9789608219496
|
| 040 |
|
|
|a GR-PaULI
|c GR-PaULI
|b gre
|e AACR2
|
| 082 |
1 |
4 |
|a 489.301 9
|2 23
|
| 100 |
1 |
|
|a Σαραντάκος, Νίκος Δ.,
|d 1959-
|9 141860
|e συγγραφέας
|
| 245 |
1 |
0 |
|a Γλώσσα μετ' εμποδίων :
|b συμβολή στη χαρτογράφηση του γλωσσικού ναρκοπεδίου /
|c Νίκος Σαραντάκος.
|
| 260 |
|
|
|a Αθήνα :
|b Εκδόσεις του Εικοστού Πρώτου,
|c 2007.
|
| 300 |
|
|
|a 372 σ. ;
|c 21 εκ.
|
| 500 |
|
|
|a Περιλαμβάνει ευρετήριο.
|
| 650 |
|
0 |
|9 194912
|a Ελληνική γλώσσα, Νέα
|x Λάθη στη χρήση
|
| 942 |
|
|
|2 ddc
|c BK
|
| 998 |
|
|
|c ΓΚΟΓΚΟΥ
|d 2022-12
|